The new complete, and universal history, description, and survey of the cities of London and Westminster (Record no. 113817)

MARC details
000 -LEADER
fixed length control field 00935cam a22001815a 4500
001 - CONTROL NUMBER
control field L155779
008 - FIXED-LENGTH DATA ELEMENTS--GENERAL INFORMATION
fixed length control field 120416s1785 xxk f 000 0 eng d
035 ## - SYSTEM CONTROL NUMBER
System control number (Sirsi) u155779
041 0# - LANGUAGE CODE
Language code of text/sound track or separate title eng
245 04 - TITLE STATEMENT
Title The new complete, and universal history, description, and survey of the cities of London and Westminster
Remainder of title the Borough of Southwark and the parts adjacent. ... By a society of gentlemen, the whole revised, corrected, and improved, by William Thornton, ... assisted by George Smith, L.L.D.-the Rev. Alex. Townsend, M.A. and other gentlemen
260 ## - PUBLICATION, DISTRIBUTION, ETC.
Place of publication, distribution, etc. London
Name of publisher, distributor, etc. printed for Alex. Hogg, and sold by all booksellers in Great Britain, Ireland, France, America, East and West Indies, &c.
Date of publication, distribution, etc. [1785?]
300 ## - PHYSICAL DESCRIPTION
Extent 532 p., plates
Other physical details maps, ports.
Dimensions 2o
520 ## - SUMMARY, ETC.
Summary, etc. Issued in parts.
583 0# - ACTION NOTE
Action Condition reviewed
Time/date of action 20120620
Status condition level 4 and 4, detached boards
651 #4 - SUBJECT ADDED ENTRY--GEOGRAPHIC NAME
Geographic name London
690 ## - LOCAL SUBJECT ADDED ENTRY--TOPICAL TERM (OCLC, RLIN)
Topical term or geographic name as entry element Measurement
9 (RLIN) 6256
942 ## - ADDED ENTRY ELEMENTS (KOHA)
Suppress in OPAC 0
Holdings
Withdrawn status Lost status Source of classification or shelving scheme Damaged status Not for loan Home library Current library Shelving location Date acquired Total Checkouts Full call number Barcode Date last seen Copy number Price effective from Koha item type
    Dewey Decimal Classification     Historic collection Historic collection Historic collection 16/04/2012   FOLIO 1785 THORNTON 30077702 06/08/2019 1 06/08/2019 Book
    Dewey Decimal Classification     Historic collection Historic collection Historic collection 13/02/2013   FOLIO 1785 THORNTON 30077998 06/08/2019 2 06/08/2019 Book